Women, Ethnicity and Nationalism : (Record no. 15264)
[ view plain ]
| 000 -LEADER | |
|---|---|
| fixed length control field | 01235cam a2200313 a 4500 |
| 001 - CONTROL NUMBER | |
| control field | 2614041 |
| 005 - DATE AND TIME OF LATEST TRANSACTION | |
| control field | 20160623124753.0 |
| 008 - FIXED-LENGTH DATA ELEMENTS--GENERAL INFORMATION | |
| fixed length control field | 980112s1998 enk b 001 0 eng |
| 010 ## - LIBRARY OF CONGRESS CONTROL NUMBER | |
| LC control number | 98009381 |
| 020 ## - INTERNATIONAL STANDARD BOOK NUMBER | |
| International Standard Book Number | 0415171377 (pbk : alk. paper) |
| 020 ## - INTERNATIONAL STANDARD BOOK NUMBER | |
| International Standard Book Number | 9780415171373 (pbk : alk. paper) |
| 040 ## - CATALOGING SOURCE | |
| Original cataloging agency | DLC |
| Transcribing agency | DLC |
| Modifying agency | DLC |
| 050 00 - LIBRARY OF CONGRESS CALL NUMBER | |
| Classification number | HQ1121 |
| Item number | .W55 1998 |
| 082 00 - DEWEY DECIMAL CLASSIFICATION NUMBER | |
| Classification number | 305.42 |
| Edition number | 22 |
| Item number | WOM |
| 100 1# - MAIN ENTRY--PERSONAL NAME | |
| Personal name | Wilford, Rick, |
| Dates associated with a name | 1947- |
| 9 (RLIN) | 23737 |
| 245 10 - TITLE STATEMENT | |
| Title | Women, Ethnicity and Nationalism : |
| Remainder of title | The Politics of Transition / |
| Statement of responsibility, etc | Rick Wilford and Robert L. Miller. |
| 260 ## - PUBLICATION, DISTRIBUTION, ETC. (IMPRINT) | |
| Place of publication, distribution, etc | London ; |
| -- | New York : |
| Name of publisher, distributor, etc | Routledge, 1998 |
| Date of publication, distribution, etc | 1998. |
| 300 ## - PHYSICAL DESCRIPTION | |
| Extent | x, 212 p. ; |
| Dimensions | 24 cm. |
| 504 ## - BIBLIOGRAPHY, ETC. NOTE | |
| Bibliography, etc | Includes bibliographical references and index. |
| 650 #0 - SUBJECT ADDED ENTRY--TOPICAL TERM | |
| Topical term or geographic name as entry element | Women |
| General subdivision | Social conditions. |
| 9 (RLIN) | 23738 |
| 650 #0 - SUBJECT ADDED ENTRY--TOPICAL TERM | |
| Topical term or geographic name as entry element | Ethnic relations. |
| 9 (RLIN) | 23740 |
| 650 #0 - SUBJECT ADDED ENTRY--TOPICAL TERM | |
| Topical term or geographic name as entry element | Nationalism. |
| 9 (RLIN) | 23741 |
| 653 ## - INDEX TERM--UNCONTROLLED | |
| Resource For college | |
| Arrived date list | May2011 |
| 650 #0 - SUBJECT ADDED ENTRY--TOPICAL TERM | |
| 9 (RLIN) | 23739 |
| Topical term or geographic name as entry element | Women |
| General subdivision | Political activity |
| 700 1# - ADDED ENTRY--PERSONAL NAME | |
| Personal name | Miller, Robert L. |
| Fuller form of name | (Robert Lee), |
| Dates associated with a name | 1948- |
| 9 (RLIN) | 23742 |
| 856 42 - ELECTRONIC LOCATION AND ACCESS | |
| Materials specified | Publisher description |
| Uniform Resource Identifier | <a href="http://www.loc.gov/catdir/enhancements/fy0649/98009381-d.html">http://www.loc.gov/catdir/enhancements/fy0649/98009381-d.html</a> |
| 942 ## - ADDED ENTRY ELEMENTS (KOHA) | |
| Source of classification or shelving scheme | Dewey Decimal Classification |
| Item type | Book - Borrowing |
| Withdrawn status | Item status | Source of classification or shelving scheme | Damaged status | Not for loan | Vendor | Home library | Current library | Shelving location | Date acquired | Source of acquisition | Cost, normal purchase price | Serial Enumeration / chronology | Total Checkouts | Total Renewals | Full call number | Barcode | Date last seen | Date last borrowed | Koha item type |
|---|---|---|---|---|---|---|---|---|---|---|---|---|---|---|---|---|---|---|---|
| Dewey Decimal Classification | Baccah | Central Library | Central Library | First floor | 10/05/2011 | 265.00 | 12250 | 2 | 3 | 305.42 WOM | 000023160 | 15/07/2025 | 14/04/2018 | Book - Borrowing |